Ethnic groups in Egypt - Statistics

General Stats
  • This quiz has been taken 39 times
    21 since last reset
  • The average score is 8 of 16
Answer Stats
Family Population Ethnicity % Correct
Afroasiatic (Egyptian) 16 million Copt
95%
Indo-European (Hellenic) 60 k Greek
74%
Nilo-Saharan (Eastern Sudanic) 4 million Nubian
74%
Altaic (Turkic) 1.5 million Turk
74%
Indo-European (Armenian) 18 k Armenian
68%
Indo-European (Iranic) 1 million Kurd
63%
Indo-European (Albanian) 600 k Albanian
58%
Indo-European (Romance) 7 k Italian
58%
Afroasiatic (Semitic) 54 million Egyptian Arab
53%
Afroasiatic (Cushitic) 100 k Somali
42%
Afroasiatic (Cushitic) 145 k Beja
37%
Indo-European (Indo-Aryan) 2.28 million Roma
32%
Afroasiatic (Semitic) 1 million Lebanese
16%
Afroasiatic (Berber) 1.83 million Siwi
11%
Afroasiatic (Semitic) 140 k Syrian Arab
11%
Afroasiatic (Semitic)Afroasiatic (Egyptian) 40 million Sa'idi
5%
No matching quizzes found
Score Distribution
Percent of People with Each Score
Percentile by Number Answered
Your Score History
You have not taken this quiz since the last reset